000 01277nam a2200349 4500
001
003 DO-SdBNP
005 20240322072913.0
008 160127s2010 mx d spa
015 _a
017 _a
_b
020 _a9786071601711
035 _a
040 _aBPMSU
_bspa
_cBPMSU
_e
082 4 _a321.8098
_bM227d 2010
_222
084 _a
_2
245 0 3 _aLa democracia cristiana en América Latina :
_bconflictos y competencia electoral /
_c Scott Mainwaring and Timothy R. Scully (editores) ; traducción de Roberto Reyes Mazzoni.
260 _aMéxico :
_bFondo de Cultura Econonómica,
_c2010
300 _a520 p. ;
_c23 cm.
_b
_e
490 0 _aPolítica y derecho
500 _a Incluye bibliografías e índice.
504 _a
534 _pTítulo original :
_tChristian democracy in Latin America : electoral competition and regime conflicts.
590 _aInventariado, 2024/VM
650 4 _aPartidos democráticos cristianos
_zAmérica Latina.
_x
_y
650 4 _aDemocracia cristiana
_zAmérica Latina.
700 1 _aMainwaring, Scott,
_eed
_d1954
700 _aReyes Mazzoni, Roberto,
_etr.
_d1940-
710 2 _aFondo de Cultura Económica (México)
910 _aVMateo V. Control de calidad. BPMSU
942 _2ddc
_cBK
999 _c14612
_d14612